| 000 | 00524nam a22001937a 4500 | ||
|---|---|---|---|
| 001 | T027600002563 | ||
| 008 | 181111b xve|||||r|||| 00| | esp d | ||
| 020 | _a980-1-1269-3 | ||
| 099 |
_a861 _bA795 _cCota Rep. 1 |
||
| 100 | _aArvelo Torrealba, Alberto. | ||
| 245 | _aAntología poética. Con la segunda versión de Florentino y el diablo. N° 21. | ||
| 260 | _a2004 | ||
| 300 | _a168 | ||
| 500 | _a | ||
| 650 | _aLa generación del 60. | ||
| 650 | _aPoetas y poemas del 60. | ||
| 650 | _aDocumentos. | ||
| 942 | _cLIB | ||
| 999 |
_c3716 _d3716 |
||